Sbírka pohádek pro 2leté děti /

Hlavní autor: Saunders, Etta
Další autoři: Baker, Annie, Smallman, Steve, 1959-, Randall, Ronne, Ryan, Anne Marie, Mendez, Simon, 1975-, Barroux, 1965-, Kolanović, Dubravka, 1973-, Matsuoka, Mei, Hinrichsen, Tamsin, Hinrichsen, Natalie, Waters, Erica-Jane, 1975-, Scott, Gavin, Yerrill, Gail, 1973-, East, Jacqueline, Sapp, Karen, Whitlow, Steve, Benešová, Vlasta
Jazyk: Čeština
Vydáno: Praha : Svojtka & Co., 2015
Vydání: První české vydání
Témata:
Fyzický popis: 93 stran : barevné ilustrace ; 27 cm
Knihy
Uloženo v:
LEADER 02660cam a2200673 i 4500
001 nkc20152756082
003 CZ PrNK
005 20250916141340.0
007 ta
008 151120s2015 xr a a 000 f cze d
015 |a cnb002756082 
020 |a 978-80-256-1678-9  |q (vázáno) 
035 |a (OCoLC)949213120 
040 |a CBA001  |b cze  |d OLA001  |e rda 
041 1 |a cze  |h eng 
072 7 |a 821-93  |x Literatura pro děti a mládež (beletrie)  |2 Konspekt  |9 26 
080 |a 821-34  |2 MRF 
080 |a 821-93  |2 MRF 
080 |a (0:82-34)  |2 MRF 
100 1 |a Saunders, Etta  |4 aut 
240 1 0 |a Collection of stories for 2 years old.  |l Česky 
245 1 0 |a Sbírka pohádek pro 2leté děti /  |c napsali a převyprávěli: Etta Saunders, Annie Baker, Steve Smallman, Ronne Randall, Anne Marie Ryan ; ilustrace: Simon Mendez, Barroux, Dubravka Kolanovic, Mei Matsuoka, Tamsin a Natalie Hinrichsen, Erica-Jane Waters, Gavin Scott, Gail Yerrill, Jacqualine East, Karen Sapp, Steve Whitlow 
246 3 |a Sbírka pohádek pro dvouleté děti 
250 |a První české vydání 
264 1 |a Praha :  |b Svojtka & Co.,  |c 2015 
300 |a 93 stran :  |b barevné ilustrace ;  |c 27 cm 
336 |a text  |b txt  |2 rdacontent 
336 |a statický obraz  |b sti  |2 rdacontent 
337 |a bez média  |b n  |2 rdamedia 
338 |a svazek  |b nc  |2 rdacarrier 
500 |a V obálce výřez ve tvaru číslice 2 
500 |a Z angličtiny přeložila Vlasta Benešová 
655 7 |a pohádky  |7 fd133054  |2 czenas 
655 7 |a publikace pro děti  |7 fd133156  |2 czenas 
655 9 |a fairy tales  |2 eczenas 
655 9 |a children's literature  |2 eczenas 
700 1 |a Baker, Annie  |4 aut 
700 1 |a Smallman, Steve,  |d 1959-  |7 mzk2013772661  |4 aut 
700 1 |a Randall, Ronne  |7 mzk2005278236  |4 aut 
700 1 |a Ryan, Anne Marie  |4 aut 
700 1 |a Mendez, Simon,  |d 1975-  |7 xx0175612  |4 ill 
700 1 |a Barroux,  |d 1965-  |7 mzk20251259601  |4 ill 
700 1 |a Kolanović, Dubravka,  |d 1973-  |7 xx0053449  |4 ill 
700 1 |a Matsuoka, Mei  |4 ill 
700 1 |a Hinrichsen, Tamsin  |4 ill 
700 1 |a Hinrichsen, Natalie  |4 ill 
700 1 |a Waters, Erica-Jane,  |d 1975-  |7 xx0257942  |4 ill 
700 1 |a Scott, Gavin  |4 ill 
700 1 |a Yerrill, Gail,  |d 1973-  |7 mzk2010599604  |4 ill 
700 1 |a East, Jacqueline  |7 xx0088202  |4 ill 
700 1 |a Sapp, Karen  |7 xx0154016  |4 ill 
700 1 |a Whitlow, Steve  |4 ill 
700 1 |a Benešová, Vlasta  |7 pag2011620056  |4 trl 
910 2 |a BOA001  |b 3-1364.184 
920 |a 0612568  |z CBA001 
990 |a BK 
995 |a 01 
991 |b 201603  |c NOV 
996 6 |b 2610663361  |c 3-1364.184  |l MZK  |r Sklad / do 1 hodiny  |n 2  |p p.v.  |w 001549493  |u 000010  |a 1  |e BOA001  |j MZK50  |s P